| 000 | 00690nam a2200205Ia 4500 | ||
|---|---|---|---|
| 001 | 18531 | ||
| 003 | GE_BSU | ||
| 008 | 181216s||||||||xx |||||||||||||| ||und|| | ||
| 040 | _cGE_BSU | ||
| 080 | _a616-056.3(075.8) | ||
| 100 | _aგურგენიძე გ. ჟორჟოლაძე.გ | ||
| 245 | _aალერგია და ალერგიული დაავადებები | ||
| 260 | _aთბილისი | ||
| 260 | _c2001 | ||
| 300 | _a428გვ.ილ. | ||
| 520 | _aქსეროქსი | ||
| 653 | _aალერგია და ალერგიული დაავადებები | ||
| 653 | _aქსეროქსი | ||
| 942 | _cBK | ||
| 999 |
_c51540 _d51540 |
||